Statistics for World War 2 Surrender Order

Click here to take the quiz!

General Stats

  • This quiz has been taken 62 times
  • The average score is 16 of 21

Answer Stats

DateLost toAnswer% Correct
September 29th, 1939GermanyPoland
100%
May 7th, 1945U.S./U.K./USSRGermany
92%
September 2nd, 1945U.S./U.K./USSRJapan
92%
March 12th, 1940USSRFinland
90%
June 22nd, 1940GermanyFrance
88%
September 8th, 1943U.S./U.K.Italy
88%
April 9th, 1940GermanyDenmark
84%
May 14th, 1940GermanyNetherlands
82%
May 28th, 1940GermanyBelgium
80%
April 23rd, 1941Germany/ItalyGreece
78%
June 10th, 1940GermanyNorway
78%
June 18th, 1940USSREstonia
75%
June 18th, 1940USSRLatvia
75%
June 15th, 1940USSRLithuania
75%
August 23rd, 1944USSRRomania
73%
April 17th, 1941Germany/ItalyYugoslavia
73%
September 8th, 1944USSRBulgaria
71%
May 10th, 1940GermanyLuxembourg
71%
February 13th, 1945USSRHungary
69%
December 8th, 1941JapanThailand
59%
September 12th, 1944USSRFinland
53%

Score Distribution

Percentile by Number Answered

Percent of People with Each Score

Your Score History

You have not taken this quiz